000 00805nam a2200277 i 4500
003 DO-SdBNP
005 20250701083526.0
007 ta
008 250630t1996 dr 000 0 spa d
040 _aDO-SdBNP
_bspa
_cBNPHU
_erda
041 _hspa
082 _axxxx
_bA561
_222
100 1 _aAndrés, Mateo
_eautor
_4aut.
_97205
245 1 3 _aEl maestro está ahí y te llama /
_cMateo Andrés
250 _aPrimera edición
264 _aSanto Domingo :
_bEdiciones MSC,
_c1996.
300 _a218 páginas
_c22 cm.
336 _atexto
_btxt
_2rdacontent
337 _asin mediación
_bn
_2rdamedia
338 _avolumen
_bnc
_2rdacarrier
490 1 _aLuz ;
_v11 ;
500 _aLa auto-Estima a la luz del evangelio.
590 _aInventariado, 2025/ YL
910 _aYLockward
942 _2ddc
_cLBS1
999 _c59401
_d59401